MARC

LEADER 00000nab a2200000 a 4500
001 vtls000898527
003 SK-MaSNL
005 20260302174818.0
008 040720e19980917xo 0 slo
035 |a KE7534 
040 |a KEVKJB  |b slo  |c KEVKJB  |e AACR2 
041 0 |a slo 
044 |a xo  |c SK 
080 |a 796.71  |2 1981 
080 |a 376.2  |2 1981 
100 1 |a Mezencevová, Zuzana  |4 aut  |9 880652 
245 1 0 |a Rallye Opatovská odštartovala pre radosť detí 
300 |b 1 foto 
610 2 7 |a Ústav sociálnej starostlivosti pre telesne postihnutú mládež (Košice, Slovensko)  |2 KEVKJB  |9 881188 
611 1 7 |a Rallye Opatovská  |2 KEVKJB  |9 885210 
650 0 7 |a zdravotne postihnuté deti   |2 KEVKJB  |9 1075 
650 0 7 |a akcie sponzorské  |2 KEVKJB  |9 885211 
650 0 7 |a reportáže  |2 KEVKJB  |9 75670 
651 7 |a Opatovská cesta (Košice, Slovensko)  |2 KEVKJB  |9 877348 
651 7 |a Košice (Slovensko)  |2 KEVKJB  |9 18694 
651 7 |a KE,  |2 KEVKJB  |9 877256 
655 7 |a periodikum  |2 snkbucl  |9 29553 
710 2 |a Ústav sociálnej starostlivosti pre telesne postihnutú mládež (Košice, Slovensko)  |4 aut  |9 881188 
773 0 8 |t Korzár  |g Roč. 1, č.181, 17.9.1998, s. 3 
852 |a ZVYKNI  |b KIS3GCP 
999 |c 1405129  |d 1407059